Khí Triết học Phương Đông

সংরক্ষণ করুন:
গ্রন্থ-পঞ্জীর বিবরন
প্রধান লেখক: Trương Lập Văn
বিন্যাস: গ্রন্থ
ভাষা:Vietnamese
প্রকাশিত: H. Khoa học xã hội 2000
মালা:Tủ sách tinh hoa về các phạm trù triết học Trung Quốc
বিষয়গুলি:
ট্যাগগুলো: ট্যাগ যুক্ত করুন
কোনো ট্যাগ নেই, প্রথমজন হিসাবে ট্যাগ করুন!
Thư viện lưu trữ: Mạng thư viện Đại học Đà Nẵng
LEADER 01127nam a2200325 4500
001 000006097
003 2251
005 20110831110856.0
008 110831s2000 viesd
020 |c 65000đ 
041 0 |a vie 
082 |a 181  |b TR-V 
100 0 |a Trương Lập Văn 
245 0 |a Khí  |b Triết học Phương Đông  |c Trương Lập Văn; Hoàng Mộng Khánh 
260 |a H.  |b Khoa học xã hội  |c 2000 
300 |a 699 tr.  |c 20 cm. 
490 |a Tủ sách tinh hoa về các phạm trù triết học Trung Quốc 
653 |a Triết học Phương Đông 
653 |a Triết học Trung Quốc 
910 |a Huỳnh Thị Cẩm Lai  |d 31/08/2011 
OWN |a LSP 
AVA |a UDN50  |b LSP  |d 181 TR-V  |e available  |t Error 5001 Not defined in file expand_doc_bib_avail.  |f 4  |g 0  |h N  |i 0  |k 1 
999 |a From the UDN01 
AVA |a UDN50  |b LSP  |d 181 TR-V  |e available  |t Error 5001 Not defined in file expand_doc_bib_avail.  |f 4  |g 0  |h N  |i 0  |k 1 
TYP |a Monograph 
TYP |a Printed language 
980 |a Mạng thư viện Đại học Đà Nẵng